000 00379nam a2200133Ia 4500
008 151001s9999||||xx |||||||||||||| ||und||
100 _aनानी पालखीवाला
245 _aवुइ दि नेशनःवाया गेलेली वर्षे
250 _a2
260 _bक्ष
260 _c1997
300 _a297
365 _b21
999 _c984880
_d984877